| 000 | 00425nam a2200169Ia 4500 | ||
|---|---|---|---|
| 008 | 221030s9999 xx 000 0 und d | ||
| 020 | _a0070589372 | ||
| 041 | _aEnglish | ||
| 082 |
_a105.23 _bKru |
||
| 100 | _aH. Kruglak | ||
| 245 | 0 | _aSchaum`s Basic Mathematics with Application to Science & Technology | |
| 260 |
_bTMH _aNew Delhi _c2005 |
||
| 300 | _a488 | ||
| 650 | _aMCA Maths | ||
| 700 | _aJ.T. Moore | ||
| 942 | _cBK | ||
| 999 |
_c2700 _d2700 |
||